Statistiken für Literaturepochen

Klicken Sie hier um das Quiz zu spielen!

Allgemein

  • Dieses Quiz wurde 112 mal gespielt
  • Das Durchschnittsergebnis liegt bei 7 aus 20

Antwortstatistiken

HintAntwort% Korrekt
860 – 1500Mittelalter
73%
1765 – 1790Sturm und Drang
60%
1795 – 1840Romantik
59%
1600 – 1720Barock
57%
1720 – 1800Aufklärung
53%
1815 – 1848Biedermeier
48%
1786 – 1832Weimarer Klassik
45%
1815 – 1848Vormärz
44%
1880 – 1900Naturalismus
41%
1933 – 1945Exilliteratur
37%
1905 – 1925Expressionismus
36%
ca. 1990 – 2010Postmoderne
35%
1880 – 1920Moderne
27%
1918 – 1933Neue Sachlichkeit
24%
1848 – 1890Realismus
24%
1945 – 1950Trümmerliteratur
24%
1740 – 1790Empfindsamkeit
23%
1950 – 1990BRD / DDR
12%
1933 – 1945Innere Emigration
12%
1970 – 1979Neue Subjektivität
8%

Verteilung der Resultate

Perzentil nach korrekt beantworteten Fragen

Anzahl Personen mit jedem Resultat

Ihre Resultats-Entwicklung

Sie haben dieses Quiz noch nicht gespielt